000 00568nam a2200193 i 4500
001 79912
003 ES-MaACL
005 20230906174059.0
007 t|
008 041025s1940 gw ||||1| ger d
100 1 _aHess, Gerhard.
_963457
245 1 0 _aKeibniz korrespondiert mit Paris
_b: eirleitung und übertragungen /
_cvon Gerhard Hess.
260 _aHamburg :
_bHoffmann u Campe,
_c[1940]
300 _a93 p. ;
_c18 cm.
490 1 _aGestiges Europa
830 0 _aGestiges Europa
_9183638
852 _aES-MaACL
_jF-15541
_bR.19103
999 _c79912
_d79912